200 biggest cities in North America with a map - Statistics

General Stats
  • This quiz has been taken 134 times
  • The average score is 82 of 200
Answers on the Map
Answers color-coded by a green-red scale on the quiz's map according to % correct below.
 
Answer Stats
Country City Population % Correct
United States New York City 8,175,133
90%
United States Seattle 684,451
90%
Canada Vancouver 600,000
89%
United States Chicago 2,720,546
88%
Mexico Mexico City 12,294,193
88%
Canada Toronto 2,600,000
88%
Canada Calgary 1,019,942
86%
United States Boston 667,137
85%
United States Dallas 1,300,092
85%
United States Houston 2,296,224
85%
United States Los Angeles 3,971,883
85%
United States Miami 441,003
85%
Canada Montréal 1,600,000
85%
United States Phoenix 1,563,025
83%
United States Denver 682,545
82%
Canada Edmonton 712,391
82%
Cuba Havana 2,163,824
82%
United States Philadelphia 1,567,442
82%
United States San Jose 1,026,908
82%
Costa Rica San José 335,007
82%
United States Atlanta 463,878
81%
United States Detroit 677,116
81%
United States Orlando 270,934
81%
Canada Ottawa 812,129
81%
United States San Antonio 1,469,845
81%
United States Austin 931,830
79%
United States Cleveland 388,072
79%
United States Jacksonville 868,031
79%
United States Las Vegas 623,747
79%
United States Nashville 530,852
79%
United States New Orleans 389,617
79%
Panama Panamá 408,168
79%
United States Portland 632,309
79%
United States San Francisco 864,816
79%
Mexico Tijuana 1,300,983
79%
United States Washington, D.C. 601,723
79%
United States El Paso 681,124
78%
United States Memphis 655,770
78%
United States St. Louis 315,685
78%
United States Charlotte 827,097
77%
United States Kansas City 475,378
77%
United States Milwaukee 600,155
77%
United States Minneapolis 410,939
77%
United States San Diego 1,394,928
77%
Dominican Republic Santo Domingo 2,201,941
77%
United States Baltimore 621,849
76%
Jamaica Kingston 937,700
76%
Canada Québec 528,595
76%
United States Tampa 369,075
76%
Guatemala Guatemala City 994,938
75%
United States Sacramento 490,712
75%
Canada Winnipeg 632,063
75%
United States Cincinnati 296,943
74%
United States Fort Worth 833,319
74%
United States Columbus 850,106
72%
Mexico Monterrey 1,135,512
72%
Haiti Port-au-Prince 1,234,742
71%
United States Tucson 531,641
70%
United States Indianapolis 829,718
69%
United States Albuquerque 559,121
68%
Mexico Guadalajara 1,495,182
68%
United States Saint Paul 285,068
68%
Puerto Rico San Juan 418,140
68%
United States Oklahoma City 631,346
67%
United States Pittsburgh 304,391
67%
United States Raleigh 451,066
67%
Mexico Cancún 628,306
66%
United States Colorado Springs 456,568
65%
United States Virginia Beach 452,745
65%
United States Fresno 520,052
64%
United States Honolulu 371,657
64%
United States Omaha 443,885
64%
El Salvador San Salvador 525,990
64%
Nicaragua Managua 973,087
63%
United States Anchorage 298,695
62%
Honduras Tegucigalpa 850,848
62%
Canada Victoria 289,625
61%
Mexico Juarez 1,321,004
59%
Canada Halifax 359,111
58%
Mexico Puebla 1,434,062
58%
United States Oakland 419,267
57%
United States Mesa 471,825
56%
United States Tulsa 403,505
56%
Mexico Mérida 777,615
55%
United States Newark 281,944
54%
United States Wichita 389,965
54%
United States Bakersfield 373,640
52%
United States Long Beach 474,140
52%
United States Toledo 279,789
52%
United States Lincoln 277,348
50%
Mexico Mexicali 689,775
50%
Mexico Chihuahua 809,232
48%
United States Corpus Christi 324,074
48%
United States Greensboro 285,342
48%
Canada Hamilton 519,949
48%
United States Anaheim 350,742
47%
United States Stockton 305,658
47%
Mexico Veracruz 428,323
46%
Canada London 346,765
45%
United States Riverside 322,424
44%
United States Arlington 388,125
43%
United States Aurora 359,407
43%
United States Henderson 285,667
39%
Canada Mississauga 668,549
39%
United States Lexington-Fayette 314,488
38%
United States Santa Ana 335,400
36%
Mexico Toluca 489,333
34%
Mexico Aguascalientes 722,250
33%
Mexico San Luis Potosí 722,772
33%
United States Plano 283,558
32%
Canada Surrey 394,976
31%
Canada Windsor 278,013
31%
Mexico Hermosillo 715,061
30%
Honduras San Pedro Sula 489,466
29%
Canada Brampton 433,806
27%
Mexico Saltillo 709,671
26%
Cuba Santiago de Cuba 555,865
26%
Mexico Torreón 608,836
26%
Mexico Culiacán 675,773
25%
Canada Laval 376,845
23%
Mexico Morelia 597,511
23%
Cuba Guantánamo 272,801
21%
United States Brooklyn 2,300,664
20%
Cuba Camagüey 347,562
20%
Mexico Tampico 309,003
20%
Mexico Nuevo Laredo 373,725
19%
United States Manhattan 1,487,536
18%
Mexico Reynosa 589,466
18%
Mexico Zapopan 1,142,483
17%
Mexico Ensenada 279,765
16%
United States The Bronx 1,385,108
16%
Mexico Cuernavaca 338,650
15%
Cuba Holguín 319,102
15%
Mexico Mazatlán 381,583
15%
Dominican Republic Santiago de los Caballeros 1,200,000
15%
Mexico Tuxtla 537,102
15%
United States Queens 2,272,771
14%
United States Staten Island 468,730
14%
Mexico Villahermosa 353,577
14%
Mexico Ecatepec de Morelos 1,655,015
13%
Mexico Guadalupe 673,616
12%
Haiti Carrefour 442,156
11%
Mexico Tepic 332,863
11%
Mexico Ciudad Obregón 298,625
7%
Mexico Ciudad Victoria 305,155
7%
Mexico Irapuato 380,941
7%
Guatemala Villa Nueva 406,830
7%
Guatemala Mixco 473,080
6%
Mexico Naucalpan de Juarez 792,211
6%
Dominican Republic Santo Domingo Este 700,000
6%
Dominican Republic Santo Domingo Oeste 701,269
6%
Mexico Tonalá 408,759
6%
Mexico Celaya 340,387
5%
Panama San Miguelito 321,501
5%
Mexico Santiago de Querétaro 626,495
5%
Mexico Tlaquepaque 575,942
5%
Mexico Ciudad Nezahualcoyotl 1,104,585
4%
Canada North York 636,000
4%
Canada Scarborough 600,000
4%
Canada Etobicoke 347,948
3%
Haiti Petionville 283,052
3%
El Salvador Soyapango 329,708
3%
Mexico Tlalnepantla 653,410
3%
Haiti Delmas 382,920
2%
Mexico Miguel Hidalgo 372,889
2%
Jamaica New Kingston 583,958
2%
Canada Okanagan 297,601
2%
Mexico Victoria de Durango 518,709
2%
Mexico Acapulco de Juárez 673,479
1%
Mexico Ciudad López Mateos 489,160
1%
Mexico Cuautitlán Izcalli 484,573
1%
Mexico Ixtapaluca 322,271
1%
Mexico Leon de los Aldama 1,238,962
1%
United States South Boston 571,281
1%
Mexico Xico 356,352
1%
Mexico Álvaro Obregón 726,664
0%
Mexico Azcapotzalco 414,711
0%
Mexico Benito Juárez 385,439
0%
Mexico Benito Juarez 355,017
0%
Mexico Ciudad Apodaca 467,157
0%
Mexico Ciudad General Escobedo 352,444
0%
Mexico Coacalco 277,959
0%
Mexico Coyoacán 620,416
0%
Mexico Cuauhtémoc 531,831
0%
Mexico Gustavo Adolfo Madero 1,185,772
0%
Mexico Heroica Matamoros 449,815
0%
United States Ironville 288,649
0%
Mexico Iztacalco 384,326
0%
Mexico Iztapalapa 1,815,786
0%
United States Meads 288,649
0%
United States New South Memphis 641,608
0%
Mexico Nicolás Romero 281,799
0%
Mexico San Nicolás de los Garza 443,273
0%
Mexico Santa María Chimalhuacán 612,383
0%
Mexico Tláhuac 305,076
0%
Mexico Tlalpan 574,577
0%
Mexico Venustiano Carranza 430,978
0%
United States West Raleigh 338,759
0%
Mexico Xalapa de Enríquez 424,755
0%
Mexico Xochimilco 407,885
0%
No matching quizzes found
Score Distribution
Percent of People with Each Score
Percentile by Number Answered
Your Score History
You have not taken this quiz